| 000 | 00347nam a22001337a 4500 | ||
|---|---|---|---|
| 082 |
_a823 _bHES _cL-29, P-3 |
||
| 100 |
_aHesse Hermann _945981 |
||
| 245 |
_aSiddhartha _cHesse Hermann |
||
| 260 |
_aUSA _bJacket Design _c1951 |
||
| 300 |
_a153 p. _bill. _c17 cm |
||
| 526 |
_a0 _b0 _c0 _d823_000000000000000_HES |
||
| 650 |
_aMCE _9379 |
||
| 942 |
_2ddc _cBK |
||
| 999 |
_c549355 _d549355 |
||